Iconografía del arte cristiano (Record no. 1737)

MARC details
000 -CABECERA
campo de control de longitud fija 01242nam a2200277 a 4500
001 - NÚMERO DE CONTROL
campo de control BRCA_1968
005 - FECHA Y HORA DE LA ÚLTIMA TRANSACCIÓN
campo de control 20190320203623.0
008 - DATOS DE LONGITUD FIJA--INFORMACIÓN GENERAL
campo de control de longitud fija 210905m19992002sp-#---###---#000-0#spa-d
020 ## - NÚMERO INTERNACIONAL ESTÁNDAR DEL LIBRO
Número Internacional Estándar del Libro 8476281641 (Obra completa)
050 #4 - SIGNATURA TOPOGRÁFICA DE LA BIBLIOTECA DEL CONGRESO
Número de clasificación N8010
Número de documento/Ítem .R43 1999
100 1# - ENTRADA PRINCIPAL--NOMBRE DE PERSONA
Nombre de persona Réau, Louis
Fechas asociadas al nombre 1881-1961
9 (RLIN) 6040
245 10 - MENCIÓN DE TÍTULO
Título Iconografía del arte cristiano
Mención de responsabilidad, etc. Louis Réau ; traducción Daniel Alcoba, José Ma. Sousa Jiménez.
260 ## - PUBLICACIÓN, DISTRIBUCIÓN, ETC.
Lugar de publicación, distribución, etc. Barcelona
Nombre del editor, distribuidor, etc. Serbal
Fecha de publicación, distribución, etc. 1999-2002
300 ## - DESCRIPCIÓN FÍSICA
Extensión 6 v.
Dimensiones 21 cm.
440 #0 - MENCIÓN DE SERIE/PUNTO DE ACCESO ADICIONAL--TÍTULO
Título Cultura artística
Designación de volumen o secuencia 3-8
9 (RLIN) 6041
500 ## - NOTA GENERAL
Nota general Traducción de : Iconographie de l´Art Chrétien
500 ## - NOTA GENERAL
Nota general Estado físico : t.2. v.3 encuadernado, enero 2013
504 ## - NOTA DE BIBLIOGRAFÍA, ETC.
Nota de bibliografía, etc. Incluye referencias bibliográficas e índice
505 0# - NOTA DE CONTENIDO CON FORMATO
Nota de contenido con formato Contenido : Introducción general. -- t.1. v.1. Iconografía de la Biblia-Antiguo Testamento. -- t.1. v.2. Iconografía de la Biblia-Nuevo Testamento. -- t.2. v.3 Iconografía de los Santos A-F. -- t.2. v.4. Iconografía de los Santos G-O. -- t.2. v.5. Iconografía de los Santos P-Z - Repertorios
650 14 - PUNTO DE ACCESO ADICIONAL DE MATERIA--TÉRMINO DE MATERIA
Término de materia o nombre geográfico como elemento de entrada Arte cristiano y simbolismo
9 (RLIN) 2565
650 14 - PUNTO DE ACCESO ADICIONAL DE MATERIA--TÉRMINO DE MATERIA
Término de materia o nombre geográfico como elemento de entrada Santos en el arte
9 (RLIN) 2342
700 1# - PUNTO DE ACCESO ADICIONAL--NOMBRE DE PERSONA
Nombre de persona Alcoba, Daniel
9 (RLIN) 6042
700 1# - PUNTO DE ACCESO ADICIONAL--NOMBRE DE PERSONA
Nombre de persona Sousa Jiménez, José Ma.
9 (RLIN) 6043
902 ## - CATALOGADOR
Iniciales REF
942 ## - ELEMENTOS DE PUNTO DE ACCESO ADICIONAL (KOHA)
Fuente del sistema de clasificación o colocación Library of Congress Classification
Tipo de ítem Koha Libros
Holdings
Estado de retiro Estado de pérdida Estado dañado No para préstamo Localización permanente Ubicación/localización actual Fecha de adquisición Total de préstamos Signatura topográfica completa Código de barras Fecha visto por última vez Precio válido a partir de Tipo de ítem Koha Código de colección
El ejemplar forma parte de la colección y puede ser consultado según las políticas vigentes.       Biblioteca del Museo Franz Mayer (Rogerio Casas-Alatriste) Biblioteca del Museo Franz Mayer (Rogerio Casas-Alatriste) 30/07/2008   N8010 .R43 1999 REF00119 22/03/2019 22/03/2019 Libros  
El ejemplar forma parte de la colección y puede ser consultado según las políticas vigentes.       Biblioteca del Museo Franz Mayer (Rogerio Casas-Alatriste) Biblioteca del Museo Franz Mayer (Rogerio Casas-Alatriste) 18/11/2010   N8010 .R43 1999 REF00120 22/03/2019 22/03/2019 Libros Referencia Acervo General
El ejemplar forma parte de la colección y puede ser consultado según las políticas vigentes.       Biblioteca del Museo Franz Mayer (Rogerio Casas-Alatriste) Biblioteca del Museo Franz Mayer (Rogerio Casas-Alatriste) 18/11/2010   N8010 .R43 1999 REF00121 22/03/2019 22/03/2019 Libros Referencia Acervo General
El ejemplar forma parte de la colección y puede ser consultado según las políticas vigentes.       Biblioteca del Museo Franz Mayer (Rogerio Casas-Alatriste) Biblioteca del Museo Franz Mayer (Rogerio Casas-Alatriste) 18/11/2010   N8010 .R43 1999 REF00122 22/03/2019 22/03/2019 Libros Referencia Acervo General
El ejemplar forma parte de la colección y puede ser consultado según las políticas vigentes.       Biblioteca del Museo Franz Mayer (Rogerio Casas-Alatriste) Biblioteca del Museo Franz Mayer (Rogerio Casas-Alatriste) 18/11/2010   N8010 .R43 1999 REF00123 22/03/2019 22/03/2019 Libros  
El ejemplar forma parte de la colección y puede ser consultado según las políticas vigentes.       Biblioteca del Museo Franz Mayer (Rogerio Casas-Alatriste) Biblioteca del Museo Franz Mayer (Rogerio Casas-Alatriste) 18/11/2010   N8010 .R43 1999 REF00124 22/03/2019 22/03/2019 Libros Referencia Acervo General